000
003300000a22001450004500
003
MACL
040
_a
MACL
090
_c
42564
_d
42562
100
_a
Chatterjee, Madhab Chandra
245
_a
Kolkata Information Directory
260
_b
Gyanpith Publication
_c
2008
350
_a
495
650
_a
Directory
942
_c
BOOK
_k
050/CHA
999
_c
42114
_d
42114